| 000 | 00323cam a22001097a 4500 | ||
|---|---|---|---|
| 008 | 180718b1912 xxu||||| |||| 00| 0 eng d | ||
| 082 | _aA42x54 A/U | ||
| 100 | _aGoverner-General of India | ||
| 245 | _aThe unrepealed acts of the Governor-General of India in Council | ||
| 260 |
_aCalcutta _bThe author _c1912 |
||
| 300 | _a117p. | ||
| 999 |
_c379263 _d379263 |
||